[Event "FRA-chT2 0910"]
[Site "France"]
[Date "2010.01.24"]
[Round "7.3"]
[White "Bedos, Michel"]
[Black "Fantinel, Thibault"]
[Result "0-1"]
[WhiteElo "2272"]
[BlackElo "2174"]
[PlyCount "130"]
[EventDate "2009.09.27"]
[EventType "team-tourn"]
[EventRounds "11"]
[EventCountry "FRA"]
[SourceTitle "EXT 2011"]
[Source "ChessBase"]
[SourceDate "2010.11.26"]
[SourceVersion "1"]
[SourceVersionDate "2010.11.26"]
[SourceQuality "1"]

1. d4 Nf6 2. Bg5 Ne4 3. Bf4 e6 4. f3 Bd6 5. Bxd6 Nxd6 6. e4 f5 7. Nc3 0-0 8. e5 Nf7 9. f4 c5 10. dxc5 Qa5 11. Nf3 Nc6 12. Qd2 Qxc5 13. 0-0-0 a6 14. Na4 Qa7 15. Qc3 b5 16. Nc5 Ne7 17. Qd4 Nd5 18. g3 Nd8 19. Nb3 Nc6 20. Qxa7 Rxa7 21. Re1 Rc7 22. Kb1 Bb7 23. Bg2 Ncb4 24. Nbd4 Rfc8 25. Re2 Nb6 26. Ne1 Bxg2 27. Rxg2 Nc4 28. c3 Nd5 29. Nec2 Kf7 30. h3 Rg8 31. Rf2 Ke7 32. g4 g6 33. Rd1 Rf8 34. gxf5 gxf5 35. Rg1 Rcc8 36. Ne2 Rg8 37. Rfg2 Kf7 38. Rxg8 Rxg8 39. Rxg8 Kxg8 40. b3 Nd2+ 41. Kc1 Ne4 42. c4 bxc4 43. bxc4 Ndc3 44. Nxc3 Nxc3 45. Kd2 Nxa2 46. c5 Kf7 47. h4 Ke7 48. h5 Kf7 49. h6 a5 50. Na3 Nb4 51. Nc4 Na6 52. c6 dxc6 53. Nxa5 c5 54. Nb7 Kg6 55. Kd3 Kxh6 56. Kc4 Kg6 57. Nd8 Nc7 58. Kxc5 h5 59. Kd6 h4 60. Nxe6 Nxe6 61. Kxe6 h3 62. Kd7 h2 63. e6 h1Q 64. e7 Qd5+ 65. Ke8 Kf6 0-1

[Event "FRA-chT2 South 0809"]
[Site "France"]
[Date "2008.12.14"]
[Round "4.3"]
[White "Bedos, Michel"]
[Black "Garrido, Denis"]
[Result "1/2-1/2"]
[WhiteElo "2279"]
[BlackElo "2325"]
[PlyCount "103"]
[EventDate "2008.10.12"]
[EventType "team-tourn"]
[EventRounds "11"]
[EventCountry "FRA"]
[SourceTitle "EXT 2010"]
[Source "ChessBase"]
[SourceDate "2010.11.25"]
[SourceVersion "1"]
[SourceVersionDate "2010.11.25"]
[SourceQuality "1"]
[WhiteTeam "Ramonville"]
[BlackTeam "Saint Affrique"]
[WhiteTeamCountry "FRA"]
[BlackTeamCountry "FRA"]

1. d4 Nf6 2. c4 c5 3. d5 d6 4. Nc3 g6 5. e4 Bg7 6. Bd3 0-0 7. Nge2 e6 8. h3 exd5 9. cxd5 b6 10. a4 Na6 11. 0-0 Nb4 12. Bg5 a6 13. Bb1 h6 14. Be3 Qe7 15. Qd2 Kh7 16. Ng3 Bb7 17. Ra3 Rad8 18. Rd1 Rfe8 19. Na2 Nxa2 20. Rxa2 Nd7 21. b4 Rb8 22. Nf1 Qf6 23. Rc1 cxb4 24. Qxb4 Nc5 25. f3 a5 26. Qa3 Bc8 27. Bf2 Bd7 28. Rd2 Nxa4 29. Rc7 Qd8 30. Qxd6 Be5 31. Qxd7 Qxc7 32. Qxa4 b5 33. Qd1 Qd6 34. g3 b4 35. f4 Bc3 36. e5 Qd7 37. Ne3 Bxd2 38. Ng4 Qc8 39. Qxd2 Qc3 40. Nf6+ Kg7 41. Nxe8+ Kf8 42. Qd1 Kxe8 43. e6 b3 44. d6 fxe6 45. Be1 Qc5+ 46. Bf2 Qd5 47. Qc1 Qxd6 48. Bxg6+ Kd7 49. Qb2 a4 50. Qg7+ Qe7 51. Qe5 Qd6 52. Qg7+ 1/2-1/2

[Event "FRA-chT2 South 0708"]
[Site "France"]
[Date "2008.04.05"]
[Round "10.3"]
[White "Bedos, Michel"]
[Black "Gachet, Sebastien"]
[Result "1/2-1/2"]
[WhiteElo "2277"]
[BlackElo "2290"]
[PlyCount "108"]
[EventDate "2007.10.21"]
[EventType "team"]
[EventRounds "11"]
[EventCountry "FRA"]
[SourceTitle "EXT 2009"]
[Source "ChessBase"]
[SourceDate "2008.11.26"]
[SourceVersion "1"]
[SourceVersionDate "2008.11.26"]
[SourceQuality "1"]
[WhiteTeam "Ramonville"]
[BlackTeam "Nice"]
[WhiteTeamCountry "FRA"]
[BlackTeamCountry "FRA"]

1. d4 Nf6 2. c4 g6 3. Nc3 Bg7 4. e4 0-0 5. Bg5 c5 6. d5 d6 7. Bd3 a6 8. a4 e6 9. h3 Qa5 10. Nge2 exd5 11. cxd5 Nbd7 12. 0-0 Ne5 13. f4 Nxd3 14. Qxd3 Re8 15. e5 Bf5 16. Qf3 dxe5 17. fxe5 Nd7 18. e6 fxe6 19. d6 e5 20. Nd5 e4 21. Qg3 Be5 22. Bf4 c4 23. Ne7+ Rxe7 24. dxe7 Qc5+ 25. Kh1 Qxe7 26. Rad1 Bxb2 27. Rb1 Qa3 28. Qxa3 Bxa3 29. Rxb7 Rc8 30. Ra1 Bf8 31. Rc1 Nc5 32. Rc7 Rxc7 33. Bxc7 Be6 34. a5 Nb3 35. Rc2 Bb4 36. Bb6 Bd2 37. Nd4 Nxd4 38. Bxd4 e3 39. Bxe3 Bxa5 40. Ra2 Bc3 41. Rxa6 Bf5 42. Rc6 Bd3 43. Kg1 h5 44. Kf2 Kf7 45. Bc5 Bd2 46. g4 hxg4 47. hxg4 Ke8 48. Rd6 Bf4 49. Rd5 Kf7 50. Be3 Bb8 51. Bd4 Ke6 52. Rb5 Bf4 53. Bc3 Kd6 54. Kf3 Bc1 1/2-1/2

[Event "FRA-chT2 South 0708"]
[Site "France"]
[Date "2007.12.16"]
[Round "4.3"]
[White "Bedos, Michel"]
[Black "Sanchez, Nicolas"]
[Result "1/2-1/2"]
[WhiteElo "2286"]
[BlackElo "2201"]
[PlyCount "192"]
[EventDate "2007.10.21"]
[EventType "team"]
[EventRounds "11"]
[EventCountry "FRA"]
[SourceTitle "EXT 2009"]
[Source "ChessBase"]
[SourceDate "2008.11.26"]
[SourceVersion "1"]
[SourceVersionDate "2008.11.26"]
[SourceQuality "1"]
[WhiteTeam "Ramonville"]
[BlackTeam "Tournefeuille"]
[WhiteTeamCountry "FRA"]
[BlackTeamCountry "FRA"]

1. d4 Nf6 2. Nf3 g6 3. g3 Bg7 4. Bg2 0-0 5. 0-0 c6 6. a4 a5 7. Re1 d5 8. c4 Na6 9. cxd5 cxd5 10. Nc3 Nb4 11. Bg5 Bf5 12. Rc1 Ne4 13. Qb3 Nxg5 14. Nxg5 e6 15. Nf3 Bh6 16. Ne5 Bxc1 17. Rxc1 f6 18. Nf3 Rc8 19. Nh4 Qb6 20. Nxf5 gxf5 21. e3 Rf7 22. Rd1 Qc7 23. Bf1 Rg7 24. Re1 Kh8 25. Qd1 Qc6 26. Bb5 Qd6 27. Bf1 Na6 28. Ne2 Rgc7 29. Nf4 Nb8 30. Qh5 Rg7 31. Bd3 Nd7 32. Rd1 Nf8 33. Qh3 Qe7 34. Nh5 Rg6 35. Nf4 Rg8 36. Qh6 Qg7 37. Qh3 Qg4 38. Qf1 Qg7 39. Qh3 Qg4 40. Qf1 Rc7 41. Be2 Qg7 42. Bd3 Qd7 43. Bb5 Qe7 44. Qh3 Ng6 45. Nh5 Rgc8 46. Qf1 Rc2 47. Rb1 Qc7 48. Qh3 Qf7 49. Qf1 Ne5 50. dxe5 Qxh5 51. exf6 Qf7 52. Qe1 b6 53. b4 R2c3 54. bxa5 bxa5 55. Bd7 Qxf6 56. Bxc8 Rxc8 57. Qxa5 Qe5 58. Qd2 Rc4 59. Qd1 Qc7 60. Qb3 Kg7 61. Qb5 Kf6 62. a5 Rc2 63. Qb6 Qc4 64. a6 Qe2 65. Rf1 Ra2 66. Qd8+ Ke5 67. a7 Qa6 68. Qc7+ Kf6 69. Qxh7 Qxa7 70. Qh6+ Ke5 71. h4 Qa6 72. Qf4+ Kf6 73. Rc1 Qe2 74. Kg2 Rc2 75. Rb1 Rc4 76. Qf3 Qxf3+ 77. Kxf3 d4 78. exd4 Rxd4 79. Rb2 Ra4 80. Kg2 Kg6 81. Re2 Kf6 82. Kh3 Ra3 83. Re3 Ra2 84. f3 f4 85. gxf4 Kf5 86. Kg3 Ra1 87. Re5+ Kf6 88. Rg5 Rg1+ 89. Kh2 Ra1 90. h5 Ra7 91. Kg3 Rb7 92. Kg4 Rb4 93. h6 Rb7 94. Kh5 Rb1 95. Ra5 Rh1+ 96. Kg4 Rg1+ 1/2-1/2

[Event "FRA-chT2S 9900"]
[Site "France"]
[Date "1999.10.17"]
[Round "1"]
[White "Bedos, Michel"]
[Black "Milesi, Laurent"]
[Result "1/2-1/2"]
[WhiteElo "2300"]
[BlackElo "2140"]
[PlyCount "49"]
[EventDate "1999.01.15"]
[EventType "team"]
[EventRounds "7"]
[EventCountry "FRA"]
[SourceTitle "EXT 2002"]
[Source "ChessBase"]
[SourceDate "2001.11.25"]
[SourceVersion "1"]
[SourceVersionDate "2001.11.25"]
[SourceQuality "1"]

1. d4 Nf6 2. c4 g6 3. Nc3 d5 4. Bg5 Ne4 5. Bh4 Nxc3 6. bxc3 Bg7 7. e3 c5 8. Nf3 cxd4 9. cxd4 Nc6 10. Rc1 0-0 11. cxd5 Qxd5 12. Bc4 Qa5+ 13. Qd2 Bg4 14. Qxa5 Nxa5 15. Be2 e6 16. 0-0 Rfc8 17. Bg3 Bf8 18. h3 Bf5 19. Rc7 Rxc7 20. Bxc7 Nc6 21. Nd2 Rc8 22. Bh2 Na5 23. g4 Rc2 24. Rd1 Bb4 25. gxf5 1/2-1/2

[Event "FRA-chT2S 9798"]
[Site "France"]
[Date "1998.??.??"]
[Round "7"]
[White "Bedos, Michel"]
[Black "Palleja, Xavier"]
[Result "1-0"]
[WhiteElo "2310"]
[BlackElo "2275"]
[PlyCount "75"]
[EventDate "1997.??.??"]
[EventType "team"]
[EventRounds "9"]
[EventCountry "FRA"]
[SourceTitle "EXT 2003"]
[Source "ChessBase"]
[SourceDate "2002.11.25"]
[SourceVersion "1"]
[SourceVersionDate "2002.11.25"]
[SourceQuality "1"]

1. d4 Nf6 2. c4 c5 3. d5 e6 4. Nc3 exd5 5. cxd5 d6 6. e4 g6 7. h3 Bg7 8. Nf3 0-0 9. Bg5 Re8 10. Bd3 c4 11. Bc2 b5 12. a3 Na6 13. 0-0 Nc5 14. Re1 Bd7 15. e5 dxe5 16. Nxe5 a6 17. Qf3 h6 18. Bh4 Qb6 19. Re3 a5 20. Rae1 Rxe5 21. Rxe5 b4 22. Nd1 Bb5 23. Re7 Rf8 24. axb4 axb4 25. Bg3 Nfd7 26. Qf4 b3 27. Bb1 Na4 28. Qc1 Qd4 29. R7e2 Qxd5 30. Rd2 Qc6 31. Bd6 Rc8 32. Bf4 c3 33. Nxc3 Nxb2 34. Qxb2 Bxc3 35. Qxb3 Bxd2 36. Bxd2 Qc4 37. Qe3 h5 38. Rc1 1-0

[Event "FRA-chTB 9697"]
[Site "France"]
[Date "1997.??.??"]
[Round "7"]
[White "Daurelle, Herve"]
[Black "Bedos, Michel"]
[Result "1-0"]
[WhiteElo "2245"]
[BlackElo "2310"]
[PlyCount "137"]
[EventDate "1997.??.??"]
[EventType "team"]
[EventRounds "7"]
[EventCountry "FRA"]
[SourceTitle "EXT 1999"]
[Source "ChessBase"]
[SourceDate "1998.11.16"]
[SourceVersion "1"]
[SourceVersionDate "1998.11.16"]
[SourceQuality "1"]

1. e4 e6 2. d4 d5 3. Nd2 Nf6 4. e5 Nfd7 5. c3 c5 6. Bd3 Nc6 7. Ne2 cxd4 8. cxd4 f6 9. exf6 Qxf6 10. Nf3 h6 11. 0-0 Bd6 12. Ng3 0-0 13. Nh5 Qf7 14. Nh4 Rd8 15. Re1 Nf8 16. Be2 g5 17. Nf3 Qxh5 18. Ne5 Qe8 19. Bh5 Qe7 20. Nf7 Qf6 21. h4 Bf4 22. Nxd8 Nxd8 23. hxg5 hxg5 24. Bxf4 Qxf4 25. Re3 Nc6 26. Rg3 Nxd4 27. Rg4 Qf6 28. Rxd4 Bd7 29. Qd2 Kg7 30. f4 Qh6 31. Bf3 gxf4 32. Rxf4 Be8 33. Qd4+ Kg8 34. Rh4 Qg7 35. Qxg7+ Kxg7 36. Re1 Rc8 37. Rb4 Bc6 38. Rg4+ Kf6 39. Rf1 Ke7 40. Rg7+ Kd6 41. Rg8 Rb8 42. Bxd5 Bxd5 43. Rfxf8 Rxf8 44. Rxf8 Bxa2 45. Kf2 Ke7 46. Rf4 b5 47. Ke3 Kd6 48. g4 a5 49. g5 Bb1 50. Rf7 a4 51. Rb7 Kc5 52. Rc7+ Kd6 53. Rc1 Bg6 54. Kd4 e5+ 55. Kc3 Kc5 56. Kd2+ Kd5 57. Rf1 Kc4 58. Rf6 Be4 59. g6 b4 60. g7 Bd5 61. Rf8 e4 62. g8Q e3+ 63. Kxe3 Bxg8 64. Rxg8 a3 65. bxa3 bxa3 66. Ra8 Kb3 67. Kd2 Kb2 68. Rb8+ Ka1 69. Kc3 1-0

[Event "FRA-chT2S"]
[Site "France"]
[Date "1997.??.??"]
[Round "4"]
[White "Renaze, Luc"]
[Black "Bedos, Michel"]
[Result "1-0"]
[WhiteElo "2285"]
[BlackElo "2310"]
[PlyCount "89"]
[EventDate "1997.??.??"]
[EventType "team"]
[EventRounds "9"]
[EventCountry "FRA"]
[SourceTitle "EXT 2007"]
[Source "ChessBase"]
[SourceDate "2006.11.23"]
[SourceVersion "1"]
[SourceVersionDate "2006.11.23"]
[SourceQuality "1"]
[WhiteTeam "Aix en Provence"]
[BlackTeam "Toulouse"]
[WhiteTeamCountry "FRA"]
[BlackTeamCountry "FRA"]

1. d4 d5 2. c4 e6 3. Nc3 c6 4. Nf3 dxc4 5. e3 b5 6. a4 Bb4 7. Bd2 a5 8. axb5 Bxc3 9. bxc3 cxb5 10. Qb1 Bd7 11. Ne5 Nf6 12. Be2 0-0 13. 0-0 Be8 14. Bf3 Nd5 15. e4 Ne7 16. Bc1 f6 17. Ng4 Ra7 18. Ba3 Na6 19. e5 f5 20. Ne3 f4 21. Nc2 Rf7 22. Bxe7 Rfxe7 23. Be4 Nc7 24. Nb4 g6 25. Nc6 Bxc6 26. Bxc6 Qb8 27. Qe4 Qb6 28. Rfb1 Kg7 29. Qf3 b4 30. h4 b3 31. Ra4 Ra6 32. Bb7 Qb5 33. Ra3 Rb6 34. Be4 Rf7 35. h5 Ra6 36. hxg6 hxg6 37. Qg4 Nd5 38. Bxg6 Nxc3 39. Rbxb3 cxb3 40. Bd3+ Kf8 41. Bxb5 Nxb5 42. Rxb3 Nc7 43. Rb8+ Ne8 44. d5 exd5 45. Qc8 1-0

[Event "FRA-chT"]
[Site "France"]
[Date "1991.??.??"]
[Round "?"]
[White "Bedos, Michel"]
[Black "Dorfman, Josif D"]
[Result "0-1"]
[WhiteElo "2270"]
[BlackElo "2575"]
[PlyCount "78"]
[EventDate "1991.??.??"]
[EventType "team"]
[EventRounds "12"]
[EventCountry "FRA"]
[SourceTitle "TD"]
[Source "ChessBase"]
[SourceDate "1994.03.01"]
[SourceVersion "1"]
[SourceVersionDate "1994.03.01"]
[SourceQuality "1"]

1. d4 Nf6 2. c4 e6 3. Nc3 Bb4 4. g3 0-0 5. Bg2 d6 6. Nf3 Bxc3+ 7. bxc3 Nbd7 8. 0-0 Rb8 9. c5 Re8 10. cxd6 cxd6 11. c4 Qa5 12. Bd2 Qa6 13. Qb3 b5 14. Rfc1 bxc4 15. Qxc4 Qb6 16. e3 Ba6 17. Qc7 Rec8 18. Qxb6 Nxb6 19. Ba5 h6 20. Rxc8+ Rxc8 21. Bb4 d5 22. Ne5 Nfd7 23. Nxd7 Nxd7 24. Bf3 Bb5 25. Bd1 a6 26. Bd2 Bc4 27. f3 f5 28. Kf2 Kf7 29. Ba4 Nf6 30. Ba5 Rb8 31. Bc3 g5 32. h3 g4 33. hxg4 fxg4 34. Bc2 gxf3 35. Kxf3 Rc8 36. Bd1 Ne4 37. Be1 Kf6 38. Ba4 Kg5 39. Bd1 Bf1 0-1

[Event "FRA-chT"]
[Site "France"]
[Date "1991.??.??"]
[Round "?"]
[White "Gurevich, Mikhail"]
[Black "Bedos, Michel"]
[Result "1-0"]
[WhiteElo "2650"]
[BlackElo "2270"]
[PlyCount "66"]
[EventDate "1991.??.??"]
[EventType "team"]
[EventRounds "12"]
[EventCountry "FRA"]
[SourceTitle "TD"]
[Source "ChessBase"]
[SourceDate "1994.03.01"]
[SourceVersion "1"]
[SourceVersionDate "1994.03.01"]
[SourceQuality "1"]

1. d4 Nf6 2. Bg5 Ne4 3. Bf4 d5 4. Nd2 Nf6 5. e3 g6 6. c4 Bg7 7. Ne2 0-0 8. Nc3 c6 9. Be2 Na6 10. 0-0 Nc7 11. Qb3 dxc4 12. Nxc4 Ncd5 13. Be5 b5 14. Nd2 Be6 15. Qc2 Rc8 16. Nb3 Nd7 17. Bxg7 Kxg7 18. Qd2 N7b6 19. Nc5 Nc7 20. b3 f6 21. Rac1 Bf7 22. Bg4 f5 23. Bf3 Ne6 24. Nxe6+ Bxe6 25. Ne2 Nd5 26. Bxd5 Bxd5 27. Nf4 Qd6 28. Rc5 e5 29. Nxd5 cxd5 30. Rxb5 e4 31. Qa5 f4 32. Rxd5 Qf6 33. Rd7+ Kh8 1-0

[Event "FRA-chT"]
[Site "France"]
[Date "1989.??.??"]
[Round "?"]
[White "Bedos, Michel"]
[Black "Luce, Sebastien"]
[Result "1/2-1/2"]
[WhiteElo "2150"]
[BlackElo "2340"]
[PlyCount "63"]
[EventDate "1989.??.??"]
[EventType "team"]
[EventRounds "11"]
[EventCountry "FRA"]
[SourceTitle "TD"]
[Source "ChessBase"]
[SourceDate "1994.03.01"]
[SourceVersion "1"]
[SourceVersionDate "1994.03.01"]
[SourceQuality "1"]

1. d4 Nf6 2. c4 e6 3. Nc3 Bb4 4. g3 d5 5. Nf3 0-0 6. Bg2 Nbd7 7. cxd5 exd5 8. 0-0 c6 9. a3 Bd6 10. Bg5 h6 11. Bf4 Bxf4 12. gxf4 Nb6 13. Ne5 Ne8 14. e3 Nd6 15. Ne2 Qe8 16. Ng3 f6 17. Nd3 Nf5 18. Nc5 Nh4 19. Bh1 Kh8 20. b3 g5 21. fxg5 hxg5 22. Qh5+ Kg7 23. Qxe8 Rxe8 24. a4 a5 25. Rfb1 Nd7 26. b4 axb4 27. Rxb4 Nxc5 28. dxc5 Ra5 29. Rc1 Kg6 30. Ne2 Nf5 31. Bg2 Nh4 32. Bh1 1/2-1/2

[Event "FRA-chT"]
[Site "France"]
[Date "1989.??.??"]
[Round "?"]
[White "Kirsch, Bernard"]
[Black "Bedos, Michel"]
[Result "0-1"]
[WhiteElo "2205"]
[BlackElo "2150"]
[PlyCount "90"]
[EventDate "1989.??.??"]
[EventType "team"]
[EventRounds "11"]
[EventCountry "FRA"]
[SourceTitle "TD"]
[Source "ChessBase"]
[SourceDate "1994.03.01"]
[SourceVersion "1"]
[SourceVersionDate "1994.03.01"]
[SourceQuality "1"]

1. e4 e6 2. d4 d5 3. Nd2 Nf6 4. e5 Nfd7 5. f4 c5 6. c3 Nc6 7. Ndf3 cxd4 8. cxd4 Nb6 9. Bd3 Bd7 10. a3 a5 11. b3 a4 12. b4 Na7 13. Ne2 Bb5 14. Bb1 g6 15. Nc3 Qd7 16. Nxb5 Nxb5 17. Bd3 Be7 18. 0-0 h5 19. Rf2 0-0 20. g3 Nc4 21. Rc2 Rfc8 22. h3 Bd8 23. Qe2 Bb6 24. Bb2 Nxb2 25. Rxc8+ Qxc8 26. Bxb5 Qc3 27. Ra2 Nc4 28. Bxc4 dxc4 29. Rc2 Qxa3 30. Rxc4 Qb3 31. Rc2 a3 32. Qd1 Qe3+ 33. Kg2 a2 34. Qa1 Qb3 35. Rc1 Ra3 36. Rf1 Qxb4 37. d5 exd5 38. e6 fxe6 39. Qe5 Qe7 40. Rc1 Bd8 41. Ng5 Qf6 42. Rc8 Qxe5 43. Rxd8+ Kg7 44. Rd7+ Kf8 45. fxe5 Ke8 0-1

[Event "FRA-chT 8788"]
[Site "France"]
[Date "1987.10.24"]
[Round "1"]
[White "Simon, Gerard"]
[Black "Bedos, Michel"]
[Result "0-1"]
[WhiteElo "2000"]
[BlackElo "2100"]
[PlyCount "84"]
[EventDate "1987.10.24"]
[EventType "team-match"]
[EventRounds "11"]
[EventCountry "FRA"]
[SourceTitle "EXT 2005"]
[Source "ChessBase"]
[SourceDate "2004.11.15"]
[SourceVersion "1"]
[SourceVersionDate "2004.11.15"]
[SourceQuality "1"]
[WhiteTeam "Rouen"]
[BlackTeam "Toulouse"]
[WhiteTeamCountry "FRA"]
[BlackTeamCountry "FRA"]

1. d4 Nf6 2. c4 c5 3. d5 b5 4. cxb5 a6 5. bxa6 g6 6. Nc3 Bxa6 7. g3 d6 8. Bg2 Bg7 9. Nh3 Nbd7 10. 0-0 0-0 11. b3 Ng4 12. Bb2 Qa5 13. Qc2 Rfc8 14. Ng5 c4 15. b4 Qxb4 16. h3 Nge5 17. Rab1 Nc5 18. f4 Ned7 19. Kh2 Rab8 20. f5 Ne5 21. Nce4 Qa4 22. Qxa4 Nxa4 23. Bxe5 Bxe5 24. Rxb8 Rxb8 25. fxg6 fxg6 26. Ne6 c3 27. N4g5 Bxe2 28. Re1 c2 29. Be4 Bd1 30. Bxc2 Bxc2 31. Re3 h6 32. Nf3 Bf6 33. Nfd4 Bb1 34. Ra3 Rb2+ 35. Kg1 Rxa2 36. Rb3 Rb2 37. Ra3 Rb4 38. Nc6 Rc4 39. Rb3 Rc1+ 40. Kf2 Rc2+ 41. Kg1 Rb2 42. Rc3 Bc2 0-1